[Event "WIOSENNY OGOLNOPOLSKI INTEGRACYJNY TURNIEJ SZACHOWY"]
[Site "WEGIERSKA GORKA - OW AZALIA"]
[Date "1899-12-30"]
[Round "8.1"]
[White "Aleksandrowicz, Marek"]
[Black "Malecki, Rafal"]
[Result "1/2-1/2"]
[WhiteTitle "I++"]
[BlackTitle "k+"]
[WhiteElo "1859"]
[BlackElo "1959"]

1. d4 Nf6 2. c4 g6 3. Nc3 Bg7 4. e4 d6 5. Nf3 O-O 6. h3 Nbd7 7. Be3 e5 8. d5 a5
9. Bd3 b6 10. Bc2 Nh5 11. Nd2 Nf4 12. Qf3 Nc5 13. g3 Nfd3+ 14. Ke2 f5 15. Bxc5
Nxc5 16. Qg2 Bh6 17. Raf1 Ba6 18. b3 a4 19. exf5 axb3 20. axb3 gxf5 21. g4 Bxd2
22. gxf5+ Kh8 23. Kxd2 Rg8 24. Qf3 Qh4 25. Ne4 b5 26. Nxc5 1/2-1/2

[Event "WIOSENNY OGOLNOPOLSKI INTEGRACYJNY TURNIEJ SZACHOWY"]
[Site "WEGIERSKA GORKA - OW AZALIA"]
[Date "1899-12-30"]
[Round "8.2"]
[White "Barwinski, Dionizy"]
[Black "Mannke, Manfred"]
[Result "1/2-1/2"]
[WhiteTitle "FM"]
[BlackTitle "k"]
[WhiteElo "1938"]
[BlackElo "2162"]

1. d4 e6 2. c4 b6 3. Nf3 Bb7 4. Nc3 Bb4 5. Bg5 Bxc3+ 6. bxc3 Nf6 7. e3 d6 8. Be2
Nc6 9. O-O h6 10. Bxf6 Qxf6 11. Nd2 O-O 12. Bf3 Qe7 13. Qa4 Na5 14. Bxb7 Nxb7
15. Nb3 Rfc8 16. Qa6 c6 17. Rfb1 d5 18. Nd2 c5 19. h3 Qc7 20. cxd5 exd5 21. Nf3
Nd6 22. Nd2 Rab8 23. Re1 f5 24. f3 Re8 25. Qd3 c4 26. Qc2 Re6 27. Re2 Rbe8 28.
Rae1 Qe7 29. Qc1 Qb7 30. Kf1 R8e7 31. Qb1 Qa8 32. Kf2 Qe8 33. Nf1 a5 34. Qc2 b5
35. a3 Qc6 36. g4 Rf7 37. Ng3 fxg4 38. hxg4 Ref6 39. f4 Qd7 40. Kf3 Re6 41. f5
Ne4 42. Kg2 Re8 43. Nh5 g6 44. Nf4 gxf5 45. gxf5 Rg7+ 46. Kh2 Qxf5 47. Rg2 Ree7
48. Reg1 Rg5 49. Nh3 Qh7 50. Rg4 Rxg4 51. Rxg4+ Rg7 52. Rg2 Rxg2+ 53. Qxg2+ Qg7
54. Qf3 Qc7+ 55. Nf4 b4 56. axb4 axb4 57. cxb4 c3 58. Qg2+ Kh8 59. Qg6 Qd6 60.
Qe8+ Kg7 61. Kg2 h5 62. Qxh5 Nf6 63. Qg6+ Kf8 64. Qf5 Ke7 65. b5 Kd8 66. Ne6+
Ke7 67. Nf4 1/2-1/2

[Event "WIOSENNY OGOLNOPOLSKI INTEGRACYJNY TURNIEJ SZACHOWY"]
[Site "WEGIERSKA GORKA - OW AZALIA"]
[Date "1899-12-30"]
[Round "8.3"]
[White "Kawula, Andrzej"]
[Black "Leszner, Liliana"]
[Result "1-0"]
[WhiteTitle "k"]
[BlackTitle "WIM"]
[WhiteElo "1874"]
[BlackElo "1837"]

1. d4 Nf6 2. c4 d6 3. Nc3 c6 4. e4 Nbd7 5. Be3 e5 6. Nge2 Ng4 7. Qd2 Be7 8. O-O-O
O-O 9. Ng3 Nxe3 10. fxe3 g6 11. Kb1 a6 12. Bd3 b5 13. Rhf1 Nb6 14. Qf2 bxc4 15.
Bc2 Qc7 16. Nf5 gxf5 17. exf5 f6 18. Qh4 d5 19. dxe5 Qxe5 20. Rd4 Bb4 21. Qh6
Rf7 22. Rg4+ Kh8 23. Ne2 Raa7 24. e4 Rg7 25. Rh4 d4 26. Nf4 d3 27. Bd1 Kg8 28.
Nh5 Rgf7 29. Rg4+ Kh8 30. Nf4 Rg7 31. Rxg7 Rxg7 32. Ng6+ Rxg6 33. fxg6 Qe7 34.
Rxf6 Qg7 35. Qf4 hxg6 36. Rf7 g5 37. Qc7 Bd6 38. Rxg7 Bxc7 39. Rxc7 Bd7 40. Rb7
c3 41. bxc3 1-0

[Event "WIOSENNY OGOLNOPOLSKI INTEGRACYJNY TURNIEJ SZACHOWY"]
[Site "WEGIERSKA GORKA - OW AZALIA"]
[Date "1899-12-30"]
[Round "8.4"]
[White "Furtak, Joanna"]
[Black "Sosnowska, Elzbieta"]
[Result "1-0"]
[WhiteTitle "k"]
[BlackTitle "WFM"]
[WhiteElo "1892"]
[BlackElo "1730"]

1. e4 g6 2. d4 c6 3. Nc3 d5 4. e5 h5 5. h3 Nh6 6. Nf3 Nf5 7. a4 a5 8. Bd3 Qb6 9.
Ne2 e6 10. c3 Be7 11. O-O Nd7 12. Bd2 f6 13. exf6 Bxf6 14. g4 hxg4 15. hxg4 Nh4
16. Nxh4 Rxh4 17. Bxg6+ Ke7 18. Bh5 e5 19. Ng3 Nf8 20. dxe5 Rxh5 21. exf6+ Kxf6
22. Nxh5+ Kf7 23. Qf3+ 1-0

[Event "WIOSENNY OGOLNOPOLSKI INTEGRACYJNY TURNIEJ SZACHOWY"]
[Site "WEGIERSKA GORKA - OW AZALIA"]
[Date "1899-12-30"]
[Round "8.5"]
[White "Sukiennik, Marek"]
[Black "Krupa, Jerzy"]
[Result "1/2-1/2"]
[WhiteTitle "I+"]
[BlackTitle "I"]
[WhiteElo "1851"]
[BlackElo "1813"]

1. e4 d5 2. exd5 Qxd5 3. Nc3 Qd6 4. d4 Nf6 5. Nf3 g6 6. Bd3 Bg7 7. h3 a6 8. Be3
O-O 9. Qd2 e6 10. Bf4 Qe7 11. Bg5 Qb4 12. O-O Nbd7 13. a3 Qd6 14. Rfe1 b5 15.
Bf4 Qb6 16. Bh6 Bb7 17. Bxg7 Kxg7 18. Ne4 Nxe4 19. Bxe4 Nf6 20. Bxb7 Qxb7 21.
c3 Rfd8 1/2-1/2

[Event "WIOSENNY OGOLNOPOLSKI INTEGRACYJNY TURNIEJ SZACHOWY"]
[Site "WEGIERSKA GORKA - OW AZALIA"]
[Date "1899-12-30"]
[Round "8.6"]
[White "Flazinski, Jozef"]
[Black "Temel, Jan"]
[Result "1/2-1/2"]
[WhiteTitle "I++"]
[BlackTitle "I++"]
[WhiteElo "1793"]
[BlackElo "1803"]

1. e4 c5 2. Nf3 d6 3. c3 g6 4. d4 cxd4 5. cxd4 Bg7 6. Nc3 Nc6 7. Bc4 e6 8. O-O
a6 9. a4 Qc7 10. Be3 Nge7 11. Rc1 O-O 12. Ba2 Qb8 13. d5 Nb4 14. Bc4 b5 15. axb5
axb5 16. Bb3 e5 17. Qd2 f6 18. Ra1 Na6 19. Qe2 Bd7 20. Rfc1 h6 21. Ne1 Kh7 22.
f4 Qb7 23. Bc2 Rac8 24. Bd3 exf4 25. Bxf4 Nc5 26. Bxb5 Nb3 27. Ba6 Nxc1 28. Rxc1
Qb6+ 29. Be3 Rc5 30. Bxc5 Qxc5+ 31. Qf2 Qxf2+ 32. Kxf2 f5 33. exf5 Bxf5 34. Nf3
Rb8 35. Nd1 g5 36. h3 Nxd5 37. g4 Bg6 38. b3 Nf4 39. h4 gxh4 40. Nxh4 Bd3 41.
Rc6 Be5 42. Bxd3+ Nxd3+ 43. Kf3 Rxb3 44. Rc7+ Kg8 45. Nf5 d5 46. Nxh6+ Kf8 47.
Rc8+ Ke7 48. Nf5+ Kd7 49. Ra8 Nc1+ 50. Kf2 Rh3 51. Nde3 Nd3+ 52. Ke2 Nf4+ 53.
Kd1 d4 54. Nc4 Rh1+ 55. Kd2 Rh2+ 56. Kd1 Bh8 57. Ra6 d3 58. Rh6 Rxh6 1/2-1/2

[Event "WIOSENNY OGOLNOPOLSKI INTEGRACYJNY TURNIEJ SZACHOWY"]
[Site "WEGIERSKA GORKA - OW AZALIA"]
[Date "1899-12-30"]
[Round "8.7"]
[White "Suliga, Eckhard"]
[Black "Ulrych, Wojciech"]
[Result "0-1"]
[WhiteTitle "II"]
[BlackTitle "I++"]
[WhiteElo "1602"]
[BlackElo "1813"]

1. e4 Nf6 2. e5 Nd5 3. d4 d6 4. Nf3 Bg4 5. h3 Bh5 6. c4 Nb6 7. Nc3 Nc6 8. g4 Bg6
9. exd6 exd6 10. b3 Nb4 11. Qe2+ Be7 12. Ne4 d5 13. cxd5 Qxd5 14. Nc3 Qc6 15.
Bb2 Nd3+ 16. Kd2 Nxb2 17. Qe3 O-O-O 18. Bb5 Qd6 19. Rhe1 Bf6 20. Ne2 Nd5 0-1

[Event "WIOSENNY OGOLNOPOLSKI INTEGRACYJNY TURNIEJ SZACHOWY"]
[Site "WEGIERSKA GORKA - OW AZALIA"]
[Date "1899-12-30"]
[Round "8.8"]
[White "Gasik, Piotr"]
[Black "Kultucki, Kamil"]
[Result "1-0"]
[WhiteTitle "k"]
[BlackTitle "II"]
[WhiteElo "2018"]
[BlackElo "1313"]

1. g3 Nf6 2. Bg2 g6 3. c4 Bg7 4. Nc3 d6 5. d4 O-O 6. Nf3 e5 7. dxe5 dxe5 8. Qxd8
Rxd8 9. Nxe5 Nfd7 10. Nxd7 Nxd7 11. O-O Ne5 12. Nd5 c6 13. Bg5 Rd7 14. Ne7+ Rxe7
15. Bxe7 Nxc4 16. Rad1 Bg4 17. b3 Nb6 18. f3 Be6 19. e4 Bf8 20. Bxf8 Kxf8 21.
Rf2 a5 22. Rb2 Rc8 23. Bf1 Ke7 24. Bc4 Nd7 25. Bxe6 fxe6 26. f4 b5 27. Kf2 Nb6
28. Rbd2 Rc7 29. Rd8 Rd7 30. R1xd7+ Nxd7 31. Ra8 Nc5 32. Ke3 a4 33. b4 Nd7 34.
e5 Nb6 35. Ra7+ Kd8 36. Kd4 Nd7 37. Ra8+ Ke7 38. Rh8 h5 39. Rg8 Kf7 40. Rc8 Nb6
41. Rc7+ Kf8 42. Kc5 Nd5 43. Rxc6 Ke7 44. a3 Nc3 45. Rc7+ Kd8 46. Rg7 1-0

[Event "WIOSENNY OGOLNOPOLSKI INTEGRACYJNY TURNIEJ SZACHOWY"]
[Site "WEGIERSKA GORKA - OW AZALIA"]
[Date "1899-12-30"]
[Round "8.9"]
[White "Muc, Zbigniew"]
[Black "Kwiatkowski, Jacek"]
[Result "0-1"]
[WhiteTitle "I"]
[BlackTitle "I++"]
[WhiteElo "1561"]
[BlackElo "1817"]

1. e4 c6 2. d4 d5 3. Nc3 dxe4 4. Nxe4 Nd7 5. Bc4 Ngf6 6. Ng3 e6 7. Nf3 Be7 8. O-O
Qc7 9. Re1 O-O 10. c3 c5 11. Bb3 b6 12. d5 c4 13. dxe6 fxe6 14. Bc2 Nc5 15. Qe2
b5 16. Nd4 Qb6 17. b4 cxb3 18. axb3 Nd5 19. Bb2 Bf6 20. Rad1 Bd7 21. b4 Na4 22.
Bxa4 bxa4 23. Ne4 Rae8 24. Nc5 Bxd4 25. Rxd4 Bc8 26. Nxa4 Qc6 27. b5 Qc7 28. c4
Nf4 29. Qe3 Bb7 30. f3 e5 31. Rd2 Qxc4 32. Nc3 Nxg2 33. Rxg2 Rxf3 34. Qg5 Qd4+
35. Kh1 Rf7 36. Rd1 Qxd1+ 0-1